000 00526nam a2200157 a 4500
001 000042600
005 20201002040250.0
008 140130s2013 dr 000 0 spa d
020 _a9789945009347
040 _aDO-SdBNP
_bspa
_cBNPHU
100 1 _aTejeda Medina, José Miguel
_969849
245 1 0 _aDecisiones :
_breflexiones bíblicas /
_cJosé Miguel Tejeda Medina; prólogo, Josué B. Ceballo.
260 _aSanto Domingo, :
_bE&L impresos,
_c2013.
300 _a141 p. ;
_c21 cm.
700 1 _aCeballo, Josué B.
_eprol.
_969850
999 _c42089
_d42089